000 01338nam a2200289 i 4500
003 DO-SdBNP
005 20251127131806.0
007 ta
008 090708s1999 dr 000 0 spa d
040 _aDO-SdBNP
_bspa
_cBNPHU
_erda
041 _aspa
082 _a621.3
_bG643f
_222
100 1 _aGonzález, Ricardo
_eautor
_910503
245 1 0 _aFundamentos de ingeniería eléctrica :
_bmanual de prácticas /
_cRicardo González, Giuseppe Sbriz Zeitun
264 _aSanto Domingo :
_bInstituto Técnologico de Santo Domingo,
_c1999.
300 _a55 páginas :
_c28 cm.
336 _ardacontent
_btexto
_2txt
337 _ardamedia
_bsin mediación
_2n
338 _ardacarrier
_bvolumen
_2nc
504 _aBibliografía página , 55
505 2 _tUso del multímetro (tester) --
_tResistencias - conexiones serie, paralelo y serie - paralelo --
_tLey de OHM: Circuito en serie --
_tLey de OHM: circuito en paralelo --
_tLey de OHM: circuito en paralelo --
_tLeyes de Kirchhoff --
_tPotencia --
_tTransformadores --
_tDiodos semiconductores, rectificador de media onda y onda completa --
_tTransistor --
_tCircuitos integrados --
_tBibliografía /
590 _aInventariado, 2023/ YL
650 4 _aIngeniería eléctrica
_vManuales de laboratorio
_910504
700 1 2 _aSbriz Zeitun, Giuseppe
_975883
910 _aYLockward
942 _2ddc
_cLBS1
999 _c53122
_d53122